| 000 | 00914 a2200325 4500 | ||
|---|---|---|---|
| 999 |
_c19187 _d31499 |
||
| 001 | 19187 | ||
| 003 | TR-AnTOB | ||
| 005 | 20240214135932.0 | ||
| 008 | 160224s2000 tu 000 0 | ||
| 020 | _a975843120x | ||
| 040 |
_aTR-AnTOB _beng _cTR-AnTOB _erda |
||
| 041 | _atur | ||
| 050 |
_aHF1017 _b.N4919 2000 |
||
| 090 | _aRES HF1017 .N4919 2000 | ||
| 100 | 1 |
_aNewbold, Paul _911549 |
|
| 245 | 0 |
_aİşletme ve iktisat için istatistik / _cPaul Newbold ; çev. Ümit Şenesen. |
|
| 250 | _a4. bs. | ||
| 264 | 1 |
_aİstanbul : _bLiteratür Yayınları, _c2000 |
|
| 300 |
_a983 p. ; _c24 cm. |
||
| 336 |
_2rdacontent _atext _btxt |
||
| 337 |
_2rdamedia _aunmediated _bn |
||
| 338 |
_2rdacarrier _avolume _bnc |
||
| 490 | 0 | _aLiteratür Yayınları; 44 | |
| 500 | _aIncludes index. | ||
| 650 |
_9537 _aStatistics |
||
| 650 | 0 |
_aİstatistik _99588 |
|
| 902 | _a32448 (0002974) | ||
| 942 |
_cBK _2lcc |
||